| 000 | 01212cam a22003375a 4500 | ||
|---|---|---|---|
| 999 |
_c17571 _d17543 |
||
| 001 | 016073892 | ||
| 005 | 20180923124234.0 | ||
| 008 | 120425t2013 enka frb 001 0 eng d | ||
| 020 | _a0273764527 (pbk.) | ||
| 020 | _a9780273764526 | ||
| 040 |
_aEG-ScBUE _beng _cEG-ScBUE _dEG-ScBUE |
||
| 082 | 0 | 4 |
_a621.395 _bMAN _222 |
| 100 | 1 |
_aMano, M. Morris, _d1927- _933804 |
|
| 245 | 1 | 0 |
_aDigital design : _bwith an introduction to Verilog HDL / _cM. Morris Mano, Michael D. Ciletti. |
| 250 | _a5th ed., Pearson International ed. | ||
| 260 |
_aHarlow : _bPearson Education Limited, _cc.2013. |
||
| 300 |
_a563 p. : _bill. ; _c23 cm. |
||
| 500 | _aPrevious ed. : 2007. | ||
| 500 | _aIncludes access code for HDL examples. | ||
| 504 | _aIncludes bibliographical references and index. | ||
| 650 | 7 |
_aElectronic digital computers _xCircuits. _2BUEsh _933805 |
|
| 650 | 7 |
_aLogic circuits. _2BUEsh _933806 |
|
| 650 | 7 |
_aLogic design. _2BUEsh _933807 |
|
| 650 | 7 |
_aDigital integrated circuits. _2BUEsh _933808 |
|
| 651 | _2BUEsh | ||
| 653 |
_bENGGEN _cSeptember2013 _cSeptember2018 |
||
| 655 | _vText book | ||
| 700 | 1 |
_aCiletti, Michael D. _933809 |
|
| 856 | 4 | 0 | _uwww.pearsoninternationaleditions.com/mano |
| 942 | _2ddc | ||